01158nam a2200313Ia 4500001001200000003000800012006001900020007001500039008004100054020001500095020001500110040002100125035002000146050002400166100003200190245006300222260004800285300001100333500008100344500002900425500002000454533015200474650001800626650001100644655002900655710001700684856012600701999001700827ebr10075097CaPaEBRm u cr cn|||||||||900927s1989 nju s 001 0 eng d z0871272725 z0871270013 aCaPaEBRcCaPaEBR a(OCoLC)5768677614aGV1783b.M37 1989eb1 aMartin, John Joseph,d1893-14aThe modern danceh[electronic resource] /cby John Martin. aPrinceton, NJ :bPrinceton Book Co.,c1989. a123 p. a"Unabridged republication of the original edition, first published in 1933." a"A Dance Horizons Book." aIncludes index. aElectronic reproduction.bPalo Alto, Calif. :cebrary,d2009.nAvailable via World Wide Web.nAccess may be limited to ebrary affiliated libraries. 0aModern dance. 0aDance. 7aElectronic books.2local2 aebrary, Inc.40uhttp://site.ebrary.com/lib/rucke/Doc?id=10075097zAn electronic book accessible through the World Wide Web; click to view c45170d45170